|
|
|
|
| LEADER |
00000nab a2200000 a 4500 |
| 001 |
vtls000128643 |
| 003 |
SK-MaSNL |
| 005 |
20260304064416.0 |
| 008 |
250422c1982 xo 0 slo |
| 015 |
|
|
|a SNBRB19rr/mm-uuuuu
|
| 035 |
|
|
|a CL0138748
|
| 035 |
|
|
|a urn:nbn:sk:snk-ab7j6m
|
| 035 |
|
|
|a (urnnbn)urn:nbn:sk:snk:ar-005y6t
|
| 035 |
|
|
|a (uuid)2259a8b9-3f54-4f23-a9a9-00624c864ec7
|
| 040 |
|
|
|a SNKBUCL
|b slo
|c SNKBUCL
|e AACR2
|
| 041 |
0 |
|
|a eng
|
| 044 |
|
|
|a xo
|c SK
|
| 080 |
|
|
|a 547
|2 1981
|
| 080 |
|
|
|a 929 Kohn, Rudolf
|2 1981
|
| 100 |
1 |
|
|a Rosík, J.
|4 aut
|9 1137099
|
| 245 |
1 |
0 |
|a 60th birthday of Doc. Rudolf Kohn
|c J. Rosík
|
| 300 |
|
|
|b Obr. 1.
|
| 600 |
1 |
7 |
|a Kohn, Rudolf,
|d 1922-2016
|2 snkbucl
|9 188481
|
| 655 |
|
7 |
|a články z novín a časopisov
|2 snkbucl
|9 267496
|
| 773 |
0 |
|
|t Chemické zvesti
|g Roč. 36, č. 2 (1982), s. 279-280
|
| 850 |
|
|
|a Slovenská národná knižnica
|
| 852 |
|
|
|a Slovenská národná knižnica
|
| 958 |
|
|
|a article7
|
| 958 |
|
|
|a BX
|
| 958 |
|
|
|a RK
|
| 958 |
|
|
|a CZ
|
| 958 |
|
|
|a OND
|
| 958 |
|
|
|a EUIPO
|
| 992 |
|
|
|a RBX
|
| 999 |
|
|
|c 2746310
|d 2748240
|